| 000 | 00478nam a2200169 a 4500 | ||
|---|---|---|---|
| 005 | 20140412111305.0 | ||
| 008 | 010502s19uu xx 00 eng d | ||
| 020 | _a0-09-958680-0 | ||
| 050 |
_aTR(PS E _bLo85 1987 |
||
| 100 | _aWillis, Jeanne | ||
| 245 |
_aLong, blue blazer (The) / _cJeanne Willis and Susan Varley. |
||
| 260 |
_aLondon : _bBeaver Books, _c1987. |
||
| 300 | _a1v. (unp.) ; ill. | ||
| 650 | _aAliens--Fiction | ||
| 650 | _aChildren stories | ||
| 999 |
_c103644 _d103644 |
||